000 00979nam a2200277 a 4500
008 200217e2013 ag ||||| |||| 00| 0 spa d
020 _a9780470710579
041 _aspa
092 _c616.85
_l29
_sGLA
100 1 _aGlassman, Alexander
_94112
245 _aDepresión y enfermedad cardíaca /
_cAlexander Glassman
250 _a1a ed.
260 _aBuenos Aires:
_bWiley-Blackwell;
_c2013.
300 _a160 p.
500 _aGlassman, A., Maj, M. y Sartorius, N. (2013). Depresión y enfermedad cardíaca. (1a ed.). Buenos Aires : Wiley-blackwell.
590 _aDonacion
653 _aEpidemiologia
653 _aDepresion y enfermedad cardiaca
653 _aMecanismos biologicos
653 _aMecanismos conductuales y psicologicos
653 _aDepresion y enfermedades cardiovasculares
653 _aPsicoterapia para la depresion en pacientes con enfermedad cardiaca
700 1 _aMaj, Mario
_94113
700 1 _aSartorius, Norman
_94114
942 _2ddc
_cBK
999 _c3065
_d3065